Matemática 1

Guardat en:
Dades bibliogràfiques
Autor principal: Bueno, Ana Claudia
Altres autors: Rodríguez, M. Brunilda, Ruíz, Patricia, Valdivieso, Francisca
Format: Llibre
Idioma:espanyol
Publicat: Santiago, Chile Arrayán 1997
Edició:Segunda edición
Matèries:
Etiquetes: Afegir etiqueta
Sense etiquetes, Sigues el primer a etiquetar aquest registre!

MARC

LEADER 00000nam a2200000 a 4500
001 UCQ4656
003 CL-VaPUC
005 20240705074010.0
008 980910e19970000CL |||||||||||||||||spa|d
999 |c 274975  |d 274973 
040 |c Pontificia Universidad Católica de Valparaíso 
082 0 4 |a 372.7 BUE 1997  |2 21 
100 0 |a Bueno, Ana Claudia  |9 418835 
245 1 0 |a Matemática 1 
250 |a Segunda edición 
260 0 3 |a Santiago, Chile  |b Arrayán  |c 1997 
300 |a 209 páginas 
583 |a last modification  |c 20170406 03:12:12  |k Rodrigo Vera 
650 0 |a Métodos de enseñanza  |9 270413 
650 0 |a Libros de texto  |9 270019 
650 0 |a Educación básica   |9 224933 
650 0 |a Geometría   |9 264063 
650 0 |a Adición (suma)  |9 343634 
650 7 |a SUSTRACCION  |2 CL-VaPUC  |9 388034 
650 7 |a MULTIPLICACION  |2 CL-VaPUC  |9 343636 
650 7 |a DIVISION  |2 CL-VaPUC  |9 343637 
650 0 |a Matemáticas  |x Enseñanza  |9 875527 
700 0 |a Rodríguez, M. Brunilda  |9 418836 
700 0 |a Ruíz, Patricia  |9 418837 
700 0 |a Valdivieso, Francisca  |9 418838 
942 |c BK  |2 ddc 
945 |d 19980910 00:00:00  |a mvenant 
952 |0 0  |1 0  |2 ddc  |4 0  |6 372_700000000000000_BUE_1997  |7 0  |8 P  |9 311409  |a BIBEDU  |b BIBEDU  |c BIBEDU_PB  |d 2019-11-20  |i 3460460  |o 372.7 BUE 1997  |p 3460460  |r 2024-01-25  |t 1  |w 2019-11-20  |y BK  |k EPE 
952 |0 0  |1 0  |2 ddc  |4 0  |6 372_700000000000000_BUE_1997  |7 0  |8 P  |9 311410  |a BIBEDU  |b BIBEDU  |d 2019-11-20  |i 3460479  |o 372.7 BUE 1997  |p 3460479  |r 2019-11-20  |t 2  |w 2019-11-20  |y BK  |k EPE